La conquista de Nuevo México /
Historia de la conquista de Nuevo México, que comprende desde los primeros viajes del explorador inglés Francis Drake (antes de la llegada de los españoles) hasta los primeros años del siglo XVII.
محفوظ في:
| المؤلف الرئيسي: | |
|---|---|
| التنسيق: | كتاب |
| اللغة: | الإسبانية |
| منشور في: |
Madrid, España :
Instituto Iberoamericano de Cooperación, Ediciones Cultura Hispánica,
1978, c1978
|
| الموضوعات: | |
| الوسوم: |
لا توجد وسوم, كن أول من يضع وسما على هذه التسجيلة!
|
MARC
| LEADER | 00000nam^a2200000^a^4500 | ||
|---|---|---|---|
| 001 | 000096065 | ||
| 005 | 20250521000000.0 | ||
| 009 | 20260310092932.353 | ||
| 020 | |a 84-7232-187-8 | ||
| 037 | |a Acervo ITESO - Biblioteca | ||
| 041 | |a ESP | ||
| 082 | |a 972. 03 |b NAV | ||
| 100 | |a Navarro García, Luis |e (autor) | ||
| 245 | 1 | 3 | |a La conquista de Nuevo México / |c L. Navarro García. |
| 264 | 4 | |a Madrid, España : |b Instituto Iberoamericano de Cooperación, Ediciones Cultura Hispánica, |c 1978, c1978 | |
| 300 | |a 126 p. | ||
| 336 | |a texto |b txt |2 rdacontenido | ||
| 337 | |a sin mediación |b n |2 rdamedio | ||
| 338 | |a volumen |b nc |2 rdasoporte | ||
| 520 | |a Historia de la conquista de Nuevo México, que comprende desde los primeros viajes del explorador inglés Francis Drake (antes de la llegada de los españoles) hasta los primeros años del siglo XVII. | ||
| 649 | |a XX | ||
| 650 | |a Descubrimientos Geográficos - |z EUA | ||
| 650 | |a Viajes y Travesías - |z EUA | ||
| 650 | |a Nuevo México, EUA - |x Historia - |y Descubrimiento y Conquista, 1497-1607 | ||
| 650 | |a EUA - |x Historia - |y Descubrimiento y Conquista, 1497-1607 | ||
| 650 | |a México - |x Historia - |y Virreinato, 1535-1821 | ||
| 650 | |a México - |x Historia - |y Epoca Colonial, 1517-1821 | ||
| 910 | |a Fondo Jesús Rodríguez | ||
| 920 | |a Impresos - Libros | ||
| 930 | |a Fondos Especiales | ||
| 905 | |a 113 | ||
| 901 | |a 0500031169 |b IT2 |c ESP |u 20250521 | ||
| 902 | |a https://opac.biblio.iteso.mx/vufind/Record/000096065 | ||